000 00687nam a2200229 i 4500
001 143716
003 ES-MaACL
005 20250814085353.0
007 t|
008 070214s1969 sp r ||||1| cat d
100 1 _aSerra Estruch, José.
_9105633
245 1 0 _aCinema formatiu /
_cJosé Serra Estruch ; pròleg de Marta Mata.
250 _a1ª. ed.
260 _aBarcelona :
_bNova Terra,
_c1969.
300 _a343 p. ;
_c20 cm.
490 1 _aCol.lecció "Nadal" ;
_v23
650 0 7 _aCine en la enseñanza
_2embne
_911034
700 1 _aMata, Marta.
_978884
830 0 _aCol.lecció "Nadal" ;
_v23
_9185358
852 _aES-MaACL
_jC-50341
_bR.71256
999 _c143716
_d143716